000 02042cam a22005174i 4500
003 PE-LiUPU
005 20250731165355.0
008 150512s2006 ag r 000 0 spa d
020 _a9789872050139
020 _a9872050139
035 _a(Sirsi) i9789872050139
040 _aPE-LiUPU
_bspa
_cPE-LiUPU
_erda
049 _aPRUA
082 0 4 _a004.01
_bR3
245 0 1 _a¿Realidad virtual? /
_ccompilador Marta Zátonyi ; colaborador Verónica Devalle [y otros ocho].
264 1 _aBuenos Aires-Argentina :
_bEdiciones GeKa,
_c2006.
300 _a117 páginas ;
_c21 centímetros
336 _atext
_2rdacontent
337 _aunmediated
_2rdamedia
338 _avolume
_2rdacarrier
505 0 _aSeñor: ¿usted habla de información? -- Lógicas del borde y el desborde -- La relidad como ready-made -- Recuerdos del desierto -- Artes audiovisuales: la cuestión del digital sobre el hipertexto -- Las voces conocidas y las voces equivocadas -- La estética del consumo en la arquitectura -- El ojo electrónico -- Los presocráticos, los postsocráticos, el bien y sus amantes.
526 _aSEG44
526 _aSEG26
526 _aP151
526 _aP150
526 _aP149
526 _aP146
526 _aP145
526 _aP126
526 _aP125
526 _aP92
526 _aP75
526 _aP74
526 _aP27
526 _aP15
541 _g003-000777;
650 1 4 _aTeoría de la Informática
700 1 _aDevalle, Verónica,
_ecolab.
700 1 _aZátonyi, Marta,
_ecomp.
910 _ardg
_bjck
_crdg
_d20150512
942 _2ddc
_cBOOK
949 _a004.01 R3
_wDEWEY
_c1
_i71245
_lCCODEBUL1
_mBUL
_p18.41
_r0
_sY
_tBOOK
_u2015-5-12
_xINGENIERIA
_PP06
_0COMPRA
_o.STAFF. Colección General
994 _aC0
_bPEPRU
596 _a1
999 _a004.01 R3
_wDEWEY
_c6156
_i71245
_d6156
_f2022-4-11
_g7
_lCCODEBUL1
_mBUL
_p18.41
_q2
_r1
_sY
_tBOOK
_u2015-5-12
_xINGENIERIA
_PP06
_0COMPRA
_o.STAFF. Colección General
980 _81
_gALBERTO SANCHEZ Responsable de Automatización